| 000 | 00479nam a2200193Ia 4500 | ||
|---|---|---|---|
| 005 | 20250603144914.0 | ||
| 008 | 250603s9999 xx 000 0 und d | ||
| 020 | _a9781119420224 | ||
| 050 | _aRJ 45 .R83/ | ||
| 100 | _aRudolf, Mary... [et al.]. | ||
| 245 | 0 | _aEssential paediatrics and child health | |
| 250 | _a4th ed. | ||
| 260 | _aUnited Kingdom | ||
| 260 | _bJohn Wiley & Sons Ltd. | ||
| 260 | _c2020 | ||
| 300 | _a520 p | ||
| 650 | _aUnited Kingdom | ||
| 942 | _cBK | ||
| 999 |
_c40299 _d40299 |
||